000
00300nam a2200121Ia 4500
008
190216s9999||||xx |||||||||||||| ||und||
100
_a
Srivastava V L
245
0
_a
International Politics And Relations
260
_b
Goel Pub House
_c
1991
300
_a
217p
650
_a
Indian History
942
_c
BK
999
_c
18688
_d
18688